[Event "Kalamazoo op1"]
[Site "Kalamazoo"]
[Date "2003.09.01"]
[Round "6.2"]
[White "Dorrington, Eldon"]
[Black "Zubatch, Steven"]
[Result "0-1"]
[WhiteElo "1650"]
[BlackElo "1758"]
[PlyCount "120"]
[EventDate "2003.08.29"]
[EventType "swiss"]
[EventRounds "7"]
[EventCountry "USA"]
[SourceTitle "EXT 2007"]
[Source "ChessBase"]
[SourceDate "2006.11.23"]
[SourceVersion "1"]
[SourceVersionDate "2006.11.23"]
[SourceQuality "1"]

1. c4 Nf6 2. Nc3 g6 3. g3 Bg7 4. Bg2 d6 5. Nf3 e5 6. d3 Nc6 7. Bd2 0-0 8. Rb1 Re8 9. 0-0 e4 10. Ne1 Bf5 11. Bg5 exd3 12. Nxd3 Qd7 13. Bxf6 Bxf6 14. Nd5 Bg7 15. Ne3 Bh3 16. Nd5 Bxg2 17. Kxg2 Ne7 18. e3 Qc6 19. Qb3 Rab8 20. Kg1 Qd7 21. Nxe7+ Qxe7 22. Qd1 Qe4 23. b3 Rbd8 24. Nf4 c6 25. Qd3 Qxd3 26. Nxd3 d5 27. cxd5 Rxd5 28. Nf4 Rd2 29. a4 Red8 30. b4 Bb2 31. Kg2 b6 32. Kf3 c5 33. bxc5 bxc5 34. Ne2 c4 35. Nd4 Bxd4 36. exd4 R2xd4 37. Rfc1 Rd3+ 38. Kg2 Rb3 39. Rxb3 cxb3 40. Rb1 Rb8 41. Kf3 Rb4 42. Ke2 Rxa4 43. Rxb3 Ra2+ 44. Kf3 Ra1 45. Rb7 a5 46. Ra7 a4 47. g4 g5 48. Ra5 h6 49. Ke4 Ra2 50. f3 Rxh2 51. Rxa4 Re2+ 52. Kd3 Re6 53. Ra5 Kg7 54. Rd5 Kg6 55. Ra5 h5 56. gxh5+ Kxh5 57. Ra4 f5 58. Ra5 f4 59. Kd4 Re3 60. Ra8 Rxf3 0-1

[Event "Auburn Hills op"]
[Site "Auburn Hills"]
[Date "2003.04.27"]
[Round "4"]
[White "Dorrington, Eldon"]
[Black "Moore, Robert"]
[Result "1-0"]
[WhiteElo "1641"]
[BlackElo "1601"]
[PlyCount "120"]
[EventDate "2003.04.26"]
[EventType "swiss"]
[EventRounds "5"]
[EventCountry "USA"]
[SourceTitle "EXT 2007"]
[Source "ChessBase"]
[SourceDate "2006.11.23"]
[SourceVersion "1"]
[SourceVersionDate "2006.11.23"]
[SourceQuality "1"]

1. c4 d6 2. Nc3 g6 3. g3 Bg7 4. Bg2 e5 5. Nf3 Be6 6. d3 c6 7. 0-0 f6 8. Bd2 Ne7 9. Qc1 0-0 10. e4 a5 11. b3 Na6 12. Rd1 Qd7 13. Na4 Qc7 14. Be3 c5 15. Nc3 Bd7 16. a4 Nb4 17. Rb1 f5 18. Bg5 Be6 19. Nh4 Qd7 20. Bxe7 Qxe7 21. exf5 gxf5 22. Qd2 Rab8 23. Na2 Bf6 24. Nxb4 axb4 25. Nf3 e4 26. dxe4 fxe4 27. Ne1 Bd4 28. Kh1 Rxf2 29. Qh6 Rbf8 30. h4 Rxg2 31. Nxg2 Bh3 32. Qg5+ Qxg5 33. hxg5 Rf2 34. Rg1 Rd2 35. Kh2 Bxg1+ 36. Kxh3 Bd4 37. Re1 Rd3 38. Rxe4 Be5 39. Re3 Rd4 40. Ne1 Rd1 41. Nf3 Bc3 42. Re7 Rd3 43. Kg4 Be5 44. Nxe5 dxe5 45. Rxe5 b6 46. Re6 Rxb3 47. Rxb6 Ra3 48. Rb5 Rxa4 49. Rxc5 b3 50. Kf5 Rb4 51. Rd5 Rb8 52. Rd1 b2 53. Rb1 Kf7 54. Ke4 Ke7 55. Kd5 Rd8+ 56. Kc5 Rc8+ 57. Kd4 Rg8 58. Rxb2 Rxg5 59. Rb7+ Kd6 60. Rxh7 Rxg3 1-0

[Event "Auburn Hills op"]
[Site "Auburn Hills"]
[Date "2003.04.26"]
[Round "2"]
[White "Gregory, Kevin"]
[Black "Dorrington, Eldon"]
[Result "1/2-1/2"]
[WhiteElo "1714"]
[BlackElo "1641"]
[PlyCount "153"]
[EventDate "2003.04.26"]
[EventType "swiss"]
[EventRounds "5"]
[EventCountry "USA"]
[SourceTitle "EXT 2007"]
[Source "ChessBase"]
[SourceDate "2006.11.23"]
[SourceVersion "1"]
[SourceVersionDate "2006.11.23"]
[SourceQuality "1"]

1. e4 c5 2. Nf3 Nc6 3. d4 cxd4 4. Nxd4 g6 5. Bc4 Bg7 6. Nxc6 bxc6 7. Qf3 e6 8. 0-0 Ne7 9. Nc3 0-0 10. Bf4 Qa5 11. Bd6 Re8 12. Rfe1 Bb7 13. a3 Nc8 14. b4 Qd8 15. e5 Nxd6 16. exd6 Qf6 17. Qxf6 Bxf6 18. Re3 c5 19. b5 Bd4 20. Rh3 Bd5 21. Bxd5 exd5 22. Rd1 Re5 23. Kf1 Bxc3 24. Rxc3 d4 25. Rc4 Rb8 26. a4 Rb6 27. Rb1 a6 28. Rb3 a5 29. Rd3 Rxd6 30. c3 Rde6 31. g3 Re1+ 32. Kg2 dxc3 33. Rdxc3 R6e4 34. b6 Rxc4 35. Rxc4 Rb1 36. Rxc5 Rxb6 37. Rxa5 Kg7 38. Ra8 Rb3 39. a5 Ra3 40. a6 Kf6 41. a7 Ke7 42. Kh3 d5 43. Kg2 d4 44. Kf1 Ra2 45. Ke1 d3 46. h4 h5 47. f3 Kf6 48. g4 Re2+ 49. Kd1 Re7 50. Kd2 Rd7 51. gxh5 gxh5 52. Rh8 Rxa7 53. Rxh5 Rd7 54. Rb5 Kg6 55. Rg5+ Kh6 56. Rc5 Rd4 57. Rb5 Rxh4 58. Kxd3 Ra4 59. Ke3 Kg6 60. Kf2 Ra2+ 61. Kg3 Ra6 62. f4 Ra1 63. Kf3 Rg1 64. Kf2 Rg4 65. Kf3 Rg1 66. Kf2 Ra1 67. Kf3 f6 68. Kf2 Ra3 69. Kg2 Ra8 70. Kf3 f5 71. Ke3 Ra4 72. Kf3 Ra3+ 73. Kf2 Ra6 74. Kf3 Rf6 75. Ra5 Rb6 76. Kg3 Rf6 77. Kf3 1/2-1/2

[Event "Lansing op"]
[Site "Lansing"]
[Date "2001.09.03"]
[Round "6"]
[White "Dorrington, Eldon"]
[Black "Morris, Jewell"]
[Result "1-0"]
[WhiteElo "1656"]
[BlackElo "1853"]
[PlyCount "122"]
[EventDate "2001.08.31"]
[EventType "swiss"]
[EventRounds "7"]
[EventCountry "USA"]
[SourceTitle "EXT 2007"]
[Source "ChessBase"]
[SourceDate "2006.11.23"]
[SourceVersion "1"]
[SourceVersionDate "2006.11.23"]
[SourceQuality "1"]

1. c4 c6 2. e3 d5 3. Nc3 e5 4. d4 e4 5. Qb3 Nf6 6. Nge2 dxc4 7. Qxc4 Be6 8. Qa4 b5 9. Qc2 Bb4 10. Bd2 Qc7 11. Ng3 Bxc3 12. bxc3 Bd5 13. Nf5 Qd7 14. Ng3 Qg4 15. c4 bxc4 16. Bxc4 0-0 17. Bb4 Rc8 18. Be2 Qe6 19. 0-0 Re8 20. Rfb1 Nbd7 21. Rc1 Reb8 22. a3 a5 23. Bc5 Bb3 24. Qd2 Nd5 25. Bd1 Rb5 26. Bxb3 Rxb3 27. Qc2 Nc3 28. Ne2 Nxc5 29. dxc5 Nxe2+ 30. Qxe2 Qd5 31. Qg4 Rab8 32. h3 R3b5 33. Qf4 Rc8 34. Qd6 Qxd6 35. cxd6 Rd5 36. Rc4 f5 37. Rac1 Rxd6 38. Rc5 g6 39. Rxa5 Rc7 40. Ra6 Kf7 41. Rc2 Ke7 42. a4 Rd1+ 43. Kh2 Kd7 44. a5 Rd5 45. Ra8 c5 46. a6 Kc6 47. Rb8 Ra7 48. Ra2 c4 49. Rc8+ Kb5 50. Rb2+ Kxa6 51. Rc6+ Ka5 52. Rxc4 Rb5 53. Ra2+ Kb6 54. Rxa7 Kxa7 55. Rc7+ Rb7 56. Rxb7+ Kxb7 57. Kg3 Kc6 58. Kh4 h6 59. g4 Kd6 60. gxf5 gxf5 61. Kh5 Ke6 1-0

[Event "Kalamazoo op"]
[Site "Kalamazoo"]
[Date "2001.07.29"]
[Round "5"]
[White "Dorrington, Eldon"]
[Black "Biondo, Albert"]
[Result "0-1"]
[WhiteElo "1620"]
[BlackElo "1325"]
[PlyCount "200"]
[EventDate "2001.07.28"]
[EventType "swiss"]
[EventRounds "5"]
[EventCountry "USA"]
[SourceTitle "EXT 2007"]
[Source "ChessBase"]
[SourceDate "2006.11.23"]
[SourceVersion "1"]
[SourceVersionDate "2006.11.23"]
[SourceQuality "1"]

1. c4 c5 2. g3 Nc6 3. Bg2 g6 4. Nc3 Nf6 5. e3 Bg7 6. a3 d6 7. Nge2 Be6 8. d3 d5 9. cxd5 Nxd5 10. 0-0 Qd7 11. Nxd5 Bxd5 12. e4 Be6 13. Nf4 Bg4 14. Qc2 b6 15. h3 Nd4 16. Qc4 Bf3 17. Bxf3 Nxf3+ 18. Kg2 Ne5 19. Qc2 0-0 20. Rd1 Rad8 21. Be3 Qb5 22. Rac1 Rd7 23. d4 Nc4 24. dxc5 Rxd1 25. Rxd1 Nxe3+ 26. fxe3 Rc8 27. b4 Re8 28. Nd5 Qc6 29. Rc1 e6 30. b5 Qxc5 31. Qxc5 bxc5 32. Nc7 Rd8 33. a4 Rd3 34. Kf2 Bh6 35. Rxc5 Bxe3+ 36. Ke2 Ra3 37. Rc4 Bb6 38. Ne8 Rxg3 39. Nf6+ Kg7 40. Nd7 Rxh3 41. Nxb6 axb6 42. Kd2 Ra3 43. Kc2 h5 44. Kb2 Rd3 45. Kc2 Rd6 46. Rc6 Rd4 47. Kb3 h4 48. Rxb6 h3 49. Rc6 g5 50. b6 g4 51. b7 Rd1 52. Kc2 h2 53. b8Q h1Q 54. Qe5+ Kg6 55. Rc5 Rc1+ 56. Kb3 Rxc5 57. Qxc5 Qxe4 58. Qc2 Kf5 59. a5 g3 60. a6 Qxc2+ 61. Kxc2 g2 62. a7 g1Q 63. a8Q Qf2+ 64. Kb1 Qe1+ 65. Kb2 Qd2+ 66. Kb1 Qd1+ 67. Kb2 Qd2+ 68. Kb1 Qc3 69. Qg8 f6 70. Ka2 Qc4+ 71. Ka1 Qg4 72. Qh7+ Qg6 73. Qh3+ Qg4 74. Qd3+ Qe4 75. Qh3+ Ke5 76. Qh5+ Kd6 77. Qf7 Kc5 78. Qe7+ Kc4 79. Qc7+ Kb3 80. Qb6+ Kc4 81. Qb3+ Kd4 82. Qb6+ Kd3 83. Qb3+ Kd2 84. Qb2+ Kd1 85. Qxf6 Qc4 86. Qf3+ Kc1 87. Qe3+ Kc2 88. Qc1+ Kd3 89. Qf1+ Kd4 90. Qf6+ e5 91. Kb1 Qd3+ 92. Kc1 Qe3+ 93. Kd1 Qg1+ 94. Ke2 Qh2+ 95. Ke1 Ke3 96. Qg5+ Kd3 97. Qd8+ Ke3 98. Qg5+ Kf3 99. Qf5+ Qf4 100. Qe6 Qc1# 0-1

[Event "Kalamazoo op"]
[Site "Kalamazoo"]
[Date "2001.07.28"]
[Round "1"]
[White "Dorrington, Eldon"]
[Black "Jeromin, Mark"]
[Result "1-0"]
[WhiteElo "1620"]
[BlackElo "1006"]
[PlyCount "71"]
[EventDate "2001.07.28"]
[EventType "swiss"]
[EventRounds "5"]
[EventCountry "USA"]
[SourceTitle "EXT 2007"]
[Source "ChessBase"]
[SourceDate "2006.11.23"]
[SourceVersion "1"]
[SourceVersionDate "2006.11.23"]
[SourceQuality "1"]

1. c4 e5 2. Nc3 Nc6 3. f3 Bc5 4. e3 Nf6 5. Nge2 0-0 6. Ng3 Be7 7. Be2 d6 8. 0-0 Be6 9. d4 exd4 10. exd4 d5 11. c5 a6 12. Rb1 Qd7 13. b4 Na7 14. a4 c6 15. Kh1 Bd8 16. Bd3 Bc7 17. Bg5 Ne8 18. f4 h6 19. Bh4 Bg4 20. Qc2 f5 21. h3 Nf6 22. hxg4 Nxg4 23. Bxf5 Ne3 24. Bxd7 Nxc2 25. Be7 Rxf4 26. Rxf4 Bxf4 27. Nf5 Bd2 28. Ne2 Nxb4 29. Nd6 Rb8 30. Rf1 b5 31. cxb6 Rxb6 32. Rf8+ Kh7 33. Bf5+ g6 34. Rf7+ Kg8 35. Bxg6 Rb8 36. Bh7+ 1-0

[Event "Kalamazoo op11"]
[Site "Kalamazoo"]
[Date "1999.11.20"]
[Round "3"]
[White "Rutgers, Randy"]
[Black "Dorrington, Eldon"]
[Result "1-0"]
[WhiteElo "1575"]
[BlackElo "1666"]
[PlyCount "87"]
[EventDate "1999.11.20"]
[EventType "swiss"]
[EventRounds "3"]
[EventCountry "USA"]
[SourceTitle "EXT 2007"]
[Source "ChessBase"]
[SourceDate "2006.11.23"]
[SourceVersion "1"]
[SourceVersionDate "2006.11.23"]
[SourceQuality "1"]

1. d4 Nf6 2. Nc3 g6 3. e4 d6 4. f4 Bg7 5. Nf3 0-0 6. Bc4 Nc6 7. 0-0 Bg4 8. Be3 e5 9. d5 exf4 10. Bxf4 Ne5 11. Bxe5 dxe5 12. Qd3 Ne8 13. h3 Bd7 14. Qe3 Nd6 15. Bb3 f5 16. Rad1 f4 17. Qf2 h6 18. Qe2 Kh7 19. a4 g5 20. Nb5 g4 21. hxg4 Bxg4 22. c4 Rg8 23. c5 Nxb5 24. Qxb5 Bf6 25. Rd3 Rg7 26. Qxb7 Bxf3 27. Rdxf3 Bh4 28. Qb4 Qg5 29. Qd2 Bg3 30. Rxg3 fxg3 31. Qxg5 Rxg5 32. d6 cxd6 33. cxd6 Rc8 34. d7 Rd8 35. Be6 Rg7 36. b4 Re7 37. Bf5+ Kh8 38. b5 Kg7 39. a5 h5 40. b6 axb6 41. axb6 Rg8 42. Rc1 h4 43. Rc8 Kf7 44. b7 1-0

[Event "Grand Masters/Experts-ch"]
[Site "Lansing"]
[Date "1999.01.09"]
[Round "1"]
[White "Dorrington, Eldon"]
[Black "Barta, Roger"]
[Result "1-0"]
[WhiteElo "1605"]
[BlackElo "1715"]
[PlyCount "87"]
[EventDate "1999.??.??"]
[EventType "swiss"]
[EventRounds "5"]
[EventCountry "USA"]
[SourceTitle "EXT 2007"]
[Source "ChessBase"]
[SourceDate "2006.11.23"]
[SourceVersion "1"]
[SourceVersionDate "2006.11.23"]
[SourceQuality "1"]

1. d4 d5 2. e3 Nf6 3. f4 Bf5 4. Nf3 Nbd7 5. c4 c6 6. Nc3 e6 7. c5 Be7 8. Be2 Ne4 9. 0-0 Ndf6 10. Nxe4 Nxe4 11. Nd2 0-0 12. Nxe4 Bxe4 13. Bf3 f5 14. b4 Kh8 15. Bxe4 fxe4 16. Bd2 Qe8 17. Qe2 Qg6 18. Rf2 Rf5 19. Kh1 h5 20. Rg1 Raf8 21. g3 Qh6 22. g4 hxg4 23. Rfg2 Rg8 24. Qxg4 Rh5 25. Qe2 a6 26. Rg6 Qh7 27. Rxe6 Bf6 28. Rg2 Qf5 29. Qg4 Qxg4 30. Rxg4 Rf8 31. a4 Kg8 32. Rd6 Rf7 33. b5 axb5 34. axb5 Be7 35. Rd7 Bf6 36. bxc6 Rxd7 37. cxd7 Bd8 38. Rg1 Kf7 39. Rb1 Rh6 40. Rxb7 Ke7 41. Ra7 Rg6 42. Be1 Rg4 43. h3 Rg6 44. Bh4+ 1-0